000 00784nam a22002057a 4500
999 _c62567
_d62567
005 20241209111521.0
008 241209s2024 ru ||||| |||| 00| 0 rus d
020 _a 9785961477047x
041 _arus
080 _a001.894 A-58
100 _a Альтшуллер, Генрих
_923908
245 _aНайти идею:
_bВведение в ТРИЗ - теорию решения изобретательских задач /
_cГенрих Альтшуллер.
264 _aМосква :
_b Альпина Паблишер,
_c2024.
300 _a402 стр. ;
_b22 см.
653 _aმეცნიერება
653 _aმენეჯმენტი
653 _aბიზნესი
653 _aინჟინერია
942 _2udc
_cᲬᲘᲒᲜᲘ